Normal view
MARC view
Entry Personal Name
001 - CONTROL NUMBER
- control field: 57446
003 - CONTROL NUMBER IDENTIFIER
- control field: dpl
005 - DATE AND TIME OF LATEST TRANSACTION
- control field: 20230926120009.0
008 - FIXED-LENGTH DATA ELEMENTS
- fixed length control field: 230926|| aca||aabn | a|a d
040 ## - CATALOGING SOURCE
- Original cataloging agency: dpl
- Transcribing agency: dpl
100 ## - HEADING--PERSONAL NAME
- Personal name: कौर,जसकिरन
670 ## - SOURCE DATA FOUND
- Source citation: Work cat.: (dpl)198550: दिलीप कुमार 57444, अनुच्छेद 370 :, 2022
